Die am dichtesten bevölkerten Landkreise pro Bundesland - Statistiken

Allgemein
  • Dieses Quiz wurde 99 mal gespielt
  • Das Durchschnittsergebnis liegt bei 13 aus 39
Antwortstatistiken
BL Einwohner pro km² Landkreis % Korrekt
BY 527 München
71%
NI 504 Region Hannover
67%
RP 351 Mainz-Bingen
53%
MV 63 Rostock
49%
SL 796 RV Saarbrücken
49%
NW 1190 Mettmann
41%
SL 422 Saarlouis
39%
MV 70 Vorpommern-Rügen
39%
BW 793 Ludwigsburg
38%
SN 326 Zwickau
38%
BY 388 Fürth
37%
SL 524 Neunkirchen
37%
MV 74 Nordwestmecklenburg
37%
HE 1003 Offenbach
37%
SH 479 Pinneberg
37%
BW 832 Esslingen
35%
SN 180 Erzgebirgskreis
34%
HE 1075 Main-Taunus-Kreis
34%
NW 787 Städteregion Aachen
34%
TH 143 Gotha
32%
SN 165 Meißen
30%
NW 805 Recklinghausen
30%
SH 209 Segeberg
30%
BB 128 Barnim
29%
BB 119 Oberhavel
29%
BW 636 Böblingen
28%
BY 503 Fürstenfeldbruck
28%
ST 127 Saalekreis
27%
BB 96 Havelland
25%
TH 154 Altenburger Land
24%
HE 610 Groß-Gerau
24%
TH 131 Ilm-Kreis
24%
RP 508 Rhein-Pfalz-Kreis
23%
SH 320 Stormarn
23%
ST 125 Burgenlandkreis
22%
RP 294 Neuwied
19%
NI 255 Peine
16%
ST 130 Salzlandkreis
15%
NI 234 Schaumburg
8%
Keine übereinstimmenden Quizze gefunden
Verteilung der Resultate
Anzahl Personen mit jedem Resultat
Perzentil nach korrekt beantworteten Fragen
Ihre Resultats-Entwicklung
Sie haben dieses Quiz noch nicht gespielt